English & Arabic medical dictionary, (Record no. 50284)
[ view plain ]
| 000 -LEADER | |
|---|---|
| fixed length control field | 00713cam a22002171 4500 |
| 001 - CONTROL NUMBER | |
| control field | ne 68001378 |
| 003 - CONTROL NUMBER IDENTIFIER | |
| control field | DLC |
| 005 - DATE AND TIME OF LATEST TRANSACTION | |
| control field | 20260227111840.0 |
| 008 - FIXED-LENGTH DATA ELEMENTS--GENERAL INFORMATION | |
| fixed length control field | 710901s1893 ua c d 00010 eng |
| 010 ## - LIBRARY OF CONGRESS CONTROL NUMBER | |
| LC control number | ne 68001378 |
| 040 ## - CATALOGING SOURCE | |
| Original cataloging agency | DLC |
| Transcribing agency | DLC |
| Modifying agency | DLC |
| 041 0# - LANGUAGE CODE | |
| Language code of text/sound track or separate title | engara |
| 050 00 - LIBRARY OF CONGRESS CALL NUMBER | |
| Classification number | R121 |
| Item number | .K38 |
| 100 20 - MAIN ENTRY--PERSONAL NAME | |
| Personal name | Khayr Allāh, Khalīl. |
| 245 10 - TITLE STATEMENT | |
| Title | English & Arabic medical dictionary, |
| Statement of responsibility, etc. | by K. Kheiralla. [Qāmūs ṭibbī Inkilīzī wa-ʻArabī. Taʼlīf Khalīl Khayr Allāh]. |
| 260 0# - PUBLICATION, DISTRIBUTION, ETC. | |
| Place of publication, distribution, etc. | [Miṣr, |
| Name of publisher, distributor, etc. | Maṭbaʻat al-Taʼlīf] |
| Date of publication, distribution, etc. | [pref. 1893] |
| 300 ## - PHYSICAL DESCRIPTION | |
| Extent | 259 p. |
| Other physical details | port. |
| Dimensions | 25 cm. |
| 650 #0 - SUBJECT ADDED ENTRY--TOPICAL TERM | |
| Topical term or geographic name entry element | Medicine |
| General subdivision | Dictionaries |
| -- | Arabic. |
| 650 #0 - SUBJECT ADDED ENTRY--TOPICAL TERM | |
| Topical term or geographic name entry element | English language |
| General subdivision | Dictionaries |
| -- | Arabic. |
| 740 #1 - ADDED ENTRY--UNCONTROLLED RELATED/ANALYTICAL TITLE | |
| Uncontrolled related/analytical title | Qāmủs ṭibbī. |
No items available.